000 01033nam0a22002651 4500
001 rc\2935162
005 20250806205623.0
035 _a(NLR Aleph) 007084313
090 _a18598
_c18598
100 _a20110822d1943 u y0rusy50 ca
101 0 _arus
102 _aRU
105 _aa z |||||
200 1 _aИнструкция и руководящие материалы по текущему содержанию железнодорожного пути
_fНар. комиссариат путей сообщ.
205 _a[2-е изд.]
210 _aМосква
_cТрансжелдориздат
_d1943
215 _a312 с., 8 вкл. л. черт.
_cил., черт.
_d18 см
712 0 1 _aСССР
_bНародный комиссариат путей сообщения
_3RU\NLR\AUTH\8810086735
_4570
801 0 _aRU
_bNLR
_gpsbo
801 1 _aRU
_bELAR
_2rusmarc
852 _aNLR
_jТ88 Г-1/24
942 _cBOOK
945 _aРоссийская национальная библиотека
980 _aNB
980 _aBV